An investigation of the challenge of land investment agreements in Customary Land: a case study of Chiawa Chiefdom (Record no. 331)

MARC details
000 -LEADER
fixed length control field 00711nam a2200169 a 4500
008 - FIXED-LENGTH DATA ELEMENTS--GENERAL INFORMATION
fixed length control field 160901s2014 ||||||||||||||||| || u
050 ## - LIBRARY OF CONGRESS CALL NUMBER
Classification number CBU-PG THESIS/KAL
100 ## - MAIN ENTRY--PERSONAL NAME
Personal name Kalio, Felistus
245 13 - TITLE STATEMENT
Title An investigation of the challenge of land investment agreements in Customary Land: a case study of Chiawa Chiefdom
Statement of responsibility, etc. by Felistus Kalio
260 ## - PUBLICATION, DISTRIBUTION, ETC.
Place of publication, distribution, etc. Kitwe
Name of publisher, distributor, etc. Copperbelt University
Date of publication, distribution, etc. 2014
300 ## - PHYSICAL DESCRIPTION
Extent xii, 109p.: ill.
500 ## - GENERAL NOTE
General note Bibliography
650 ## - SUBJECT ADDED ENTRY--TOPICAL TERM
Topical term or geographic name entry element LAND TENURE--ZAMBIA
650 ## - SUBJECT ADDED ENTRY--TOPICAL TERM
Topical term or geographic name entry element LAND ADMINISTRATION--ZAMBIA
650 ## - SUBJECT ADDED ENTRY--TOPICAL TERM
Topical term or geographic name entry element CUSTOMARY LAW--ZAMBIA
995 ## -
-- SPECIAL COLLECTIONS
-- 746639
-- CBU-DAG HAMMARSKJOLD INSTITUTE LIBRARY
-- CBU-PG THESIS/KAL
-- 1
-- AVAILABLE
-- Sep 1, 2016
-- B2296
-- University Collection
999 ## -
-- 331
-- 331
Holdings
Withdrawn status Lost status Source of classification or shelving scheme Damaged status Not for loan Permanent Location Current Location Shelving location Date acquired Total Checkouts Full call number Barcode Date last seen Price effective from Koha item type
          CBU-DAG HAMMARSKJOLD INSTITUTE CBU-DAG HAMMARSKJOLD INSTITUTE   11/28/2022   CBU-PG THESIS/KAL B2296 11/28/2022 11/28/2022 MONOGRAPH